| 000 | 00588nam a22002177a 4500 | ||
|---|---|---|---|
| 005 | 20260505090605.0 | ||
| 008 | 260504b |||||||| |||| 00| 0 eng d | ||
| 020 | _a9781260012026 | ||
| 082 |
_a616.01 _bRIE-J |
||
| 100 | _aRiedel; Stefan | ||
| 245 | _aJawetz, Melnick & Adelberg's Medical Microbiology/ | ||
| 250 | _a28th.ed | ||
| 260 |
_aUnited state: _bMcGraw Hill; _c2019. |
||
| 300 | _a851p. | ||
| 500 | _ainclude index. | ||
| 650 | _aMedical / Microbiology | ||
| 700 | _aMorse, Stephen A. | ||
| 700 | _aMietzner, Timothy A. | ||
| 700 | _aMiller;Steve | ||
| 999 |
_c37162 _d37162 |
||